| 000 | 00351nam a2200145Ia 4500 | ||
|---|---|---|---|
| 008 | 230312s9999||||xx |||||||||||||| ||und|| | ||
| 020 | _a9780538742153 | ||
| 082 |
_a004 _bPAR-P |
||
| 100 | _aParsons | ||
| 245 | 0 | _aPractical computer literacy | |
| 260 |
_bCengage _aUSA _c2011 |
||
| 300 | _a479 | ||
| 650 |
_aComputer _vComputer literacy |
||
| 942 | _cBK | ||
| 999 |
_c18254 _d18254 |
||